00252nam a2200085Ia 4500008004100000041000800041100001700049245006700066260003300133241105s9999 xx 000 0 und d aeng aKolhe Kavita aLandscape Development Of Muktai Temple Precinct At Narayangaon bM Arch Landscape, Punec2014